000 00780cam a2200205 4500
001 WB3622-13
008 000000n2000 000 0 eng u
035 _a(Sirsi) u106377
245 _aCouncils clash over housing targets
260 _c2000
490 _aTimes
_v 7 June 2000 1 & 6; Financial Times
_v 8 June 2000 4(3)
520 _aCouncils across south east England have rejected John Prescott's building targets for 43,000 homes a year. He is expected to stand by his plans and will not comment until the consultation about his proposals is over. Table shows target by county.
590 _aWB
650 _aHOUSE BUILDING
650 _aNEW HOMES
650 _aHOUSEHOLD PROJECTIONS
650 _aSOUTH EAST ENGLAND
690 _aHOUSING-DEVELOPMENT
942 _n0
999 _c63719
_d63719